Nursing and the division of labour in healthcare (Record no. 71707)
[ view plain ]
| 000 -LEADER | |
|---|---|
| fixed length control field | 01382nam a2200337Ia 4500 |
| 082 04 - DEWEY DECIMAL CLASSIFICATION NUMBER | |
| Classification number | 362.1730941 |
| 100 1# - MAIN ENTRY--AUTHOR NAME | |
| Personal name | Hughes, David, |
| 245 10 - TITLE STATEMENT | |
| Title | Nursing and the division of labour in healthcare |
| 260 ## - PUBLICATION, DISTRIBUTION, ETC. (IMPRINT) | |
| Place of publication | Basingstoke : |
| Name of publisher | Palgrave, |
| Year of publication | 2002. |
| 300 ## - PHYSICAL DESCRIPTION | |
| Number of Pages | xi, 233 p. |
| 650 #0 - SUBJECT ADDED ENTRY--TOPICAL TERM | |
| Topical Term | Nurse and physician |
| Topical Term | Nursing |
| Topical Term | Nursing services |
| Topical Term | Hospitals |
| 700 1# - ADDED ENTRY--PERSONAL NAME | |
| Personal name | Allen, Davina, |
| 856 40 - ELECTRONIC LOCATION AND ACCESS | |
| Uniform Resource Identifier | http://site.ebrary.com/lib/rucke/Doc?id=10057405 |
No items available.
